U.S Geography Chain - Statistics

General Stats
  • This quiz has been taken 959 times
  • The average score is 17 of 25
Answer Stats
Hint Answer % Correct
Mormon state Utah
97%
Short form of "United States of America" USA
96%
Its capital is Little Rock Arkansas
94%
Trump doesn't like this neighboring country Mexico
92%
Disney world Orlando
90%
Most populous Hawaiian Island O'ahu
85%
State that produces the most corn Iowa
79%
The City by the Bay San Francisco
79%
Disneyland location Anaheim
77%
Capital of Maine Augusta
76%
Capital of Maryland Annapolis
74%
Highest mountain in North America Denali
69%
Birthplace of the 44th POTUS Honolulu
68%
The Silver State Nevada
67%
State with the most executions per capita Oklahoma
66%
Most densely populated state New Jersey
65%
Nike Inc. Oregon
59%
Yale University location New Haven
54%
Biggest city in South Dakota Sioux Falls
54%
3:10 to this AZ city Yuma
54%
CO City, one of the most expensive in the United States Aspen
47%
City "Too Busy to Hate" Atlanta
44%
Island chain in the Northern Pacific Ocean Aleutians
37%
USS Midway location San Diego
36%
Nome's peninsula Seward
16%
No matching quizzes found
Score Distribution
Percent of People with Each Score
Percentile by Number Answered
Your Score History
You have not taken this quiz